[Event "World Senior 65+ 2014"]
[Site "Katerini GRE"]
[Date "2014.10.24"]
[Round "1.1"]
[White "Gromark, Per-Olof"]
[Black "Vaisser, Anatoly"]
[Result "0-1"]
[BlackTitle "GM"]
[WhiteElo "2050"]
[BlackElo "2531"]
[WhiteFideId "1722433"]
[BlackFideId "603252"]
[EventDate "2014.10.24"]

1. Nf3 f5 2. b3 d6 3. d4 g6 4. Bb2 Bg7 5. Nbd2 Nf6 6. e3 O-O 7. Be2 Qe8 8. O-O
h6 9. c4 g5 10. b4 g4 11. Ne1 e5 12. c5 exd4 13. Bxd4 Nc6 14. cxd6 Nxd4 15. exd4
cxd6 16. Nc4 Qe7 17. Nd3 Nd5 18. Re1 Be6 19. Qd2 Rad8 20. Nf4 Nxf4 21. Qxf4 d5
22. Ne5 Qxb4 23. Rab1 Qa5 24. Bf1 Rf6 25. Rec1 Bc8 26. Rc5 Qa4 27. Rbc1 Qe8 28.
Bb5 Qf8 29. Rc7 Kh8 30. Bd7 Bxd7 31. Nxd7 Qd6 32. Qxd6 Rxd6 33. Ne5 Bxe5 34.
dxe5 R6d7 35. e6 Rxc7 36. Rxc7 Re8 37. e7 b6 38. Rxa7 Kg7 39. Rb7 Kf7 40. Rxb6
Rxe7 41. Kf1 Ra7 42. Rxh6 Rxa2 43. Rd6 Ra5 44. Ke2 Ke7 45. Rh6 Ra2+ 46. Ke3 Ra4
47. h4 f4+ 48. Ke2 Ra2+ 49. Ke1 Ra1+ 50. Ke2 Ra2+ 51. Ke1 Ra1+ 52. Ke2 Rg1 53.
h5 Rxg2 54. Kf1 f3 55. Rh7+ Kf6 56. h6 Rh2 57. Kg1 Rh5 58. Rg7 Rxh6 59. Rxg4 Rg6
60. Rg3 Rxg3+ 61. fxg3 Ke5 0-1

[Event "World Senior 65+ 2014"]
[Site "Katerini GRE"]
[Date "2014.10.24"]
[Round "1.2"]
[White "Zhelnin, Vladimir V"]
[Black "Pitzl, Konstantinos"]
[Result "1-0"]
[WhiteTitle "IM"]
[WhiteElo "2471"]
[BlackElo "2048"]
[WhiteFideId "4105567"]
[BlackFideId "1627112"]
[EventDate "2014.10.24"]

1. e4 d6 2. d4 Nf6 3. Nc3 g6 4. Nf3 Bg7 5. Be2 O-O 6. O-O Na6 7. Re1 c5 8. e5
Nd7 9. exd6 exd6 10. Bg5 Bf6 11. Bh6 Bg7 12. Qd2 Nf6 13. Rad1 Bf5 14. Bxg7 Kxg7
15. a3 Nc7 16. dxc5 dxc5 17. Qe3 Qb8 18. Qxc5 Ne6 19. Qb4 Bxc2 20. Rd2 Bf5 21.
Nh4 Qf4 22. Qxf4 Nxf4 23. Nxf5+ gxf5 24. Bf1 Rfe8 25. Rxe8 Rxe8 26. g3 Ng6 27.
Kg2 f4 28. Rd4 fxg3 29. hxg3 a6 30. Be2 Re7 31. Rb4 Ne5 32. Rb6 Rd7 33. Kf1 h6
34. Kg2 Nfg4 35. Ne4 Rd4 36. Bxg4 Nxg4 37. f3 Ne5 38. Rxb7 Rd3 39. f4 Nc4 40.
Kh3 Re3 41. Nc5 a5 42. a4 Nd6 43. Rd7 Nf5 44. Rd3 Re2 45. Kg4 Kg6 46. b3 Rg2 47.
Ne4 Rb2 48. Nd2 f6 49. Kf3 h5 50. g4 hxg4+ 51. Kxg4 Nh6+ 52. Kf3 Nf5 53. Ke4 Rc2
54. Nc4 Re2+ 55. Kf3 Rh2 56. Nxa5 Rb2 57. Nc6 Rb1 58. b4 Rf1+ 59. Ke4 Re1+ 60.
Kd5 Rf1 61. a5 Rxf4 62. a6 Rf1 63. a7 Ra1 64. Na5 Ne7+ 65. Ke6 1-0

[Event "World Senior 65+ 2014"]
[Site "Katerini GRE"]
[Date "2014.10.24"]
[Round "1.3"]
[White "Doubleday, William G."]
[Black "Vasiukov, Evgeni"]
[Result "0-1"]
[BlackTitle "GM"]
[WhiteElo "2057"]
[BlackElo "2448"]
[WhiteFideId "2682419"]
[BlackFideId "4100522"]
[EventDate "2014.10.24"]

1. d4 Nf6 2. c4 c5 3. Nf3 cxd4 4. Nxd4 b6 5. f3 g6 6. e4 d6 7. Be2 Bg7 8. Nc3
Bb7 9. Be3 O-O 10. O-O Nbd7 11. Qd2 Rc8 12. Rac1 a6 13. Rfd1 Re8 14. b3 e6 15.
Bf2 h6 16. Bf1 Kh7 17. Nde2 Bf8 18. Qd4 Bc6 19. Bg3 d5 20. Bf2 Bc5 21. Qd2 Bxf2+
22. Kxf2 dxe4 23. fxe4 Bxe4 24. Kg1 Bb7 25. Nf4 Qc7 26. h3 Qc5+ 27. Qf2 Qxf2+
28. Kxf2 Kg7 29. Kg1 Kf8 30. Nd3 Red8 31. Nb4 Nc5 32. Nc2 Nfe4 33. Nxe4 Bxe4 34.
Ne1 a5 35. Kf2 Ke7 36. Ke3 f5 37. g3 g5 38. Be2 e5 39. g4 f4+ 40. Kf2 Rxd1 41.
Rxd1 Rd8 42. Rxd8 Kxd8 43. Bd1 Kc7 44. a3 Nd3+ 45. Nxd3 Bxd3 0-1

[Event "World Senior 65+ 2014"]
[Site "Katerini GRE"]
[Date "2014.10.24"]
[Round "1.4"]
[White "Balashov, Yuri S"]
[Black "Marcovici, Adrian"]
[Result "1/2-1/2"]
[WhiteTitle "GM"]
[WhiteElo "2429"]
[BlackElo "2042"]
[WhiteFideId "4100263"]
[BlackFideId "2801175"]
[EventDate "2014.10.24"]

1. e4 c5 2. b3 Nc6 3. Bb2 e6 4. Nf3 Nge7 5. g3 d5 6. exd5 Nxd5 7. Bg2 Bd7 8. O-O
Nf6 9. Ne5 Rc8 10. Nxd7 Qxd7 11. Na3 Be7 12. Nc4 O-O 13. a4 Rfd8 14. d3 Nd5 15.
Re1 Bf6 16. Bxd5 Qxd5 17. Bxf6 gxf6 18. Ne3 Qg5 19. f4 Qg6 20. Qf3 f5 21. Nc4
Rd5 22. Ne5 Qg7 23. Nxc6 Rxc6 24. Rf1 Qd4+ 25. Kh1 Rd7 26. Rae1 Qd5 27. Kg2 Kg7
28. Re5 Qxf3+ 29. Kxf3 f6 30. Re2 b6 31. h3 h5 32. Rh1 Kg6 33. Rhe1 Kf7 34. g4
fxg4+ 35. hxg4 hxg4+ 36. Kxg4 Rd4 37. Kf3 Rd8 38. Rh1 Rg8 39. Rh7+ Rg7 40. Rh8
Rg8 41. Reh2 Rxh8 42. Rxh8 Kg6 43. Ke4 Rd6 44. Rg8+ Kf7 1/2-1/2

[Event "World Senior 65+ 2014"]
[Site "Katerini GRE"]
[Date "2014.10.24"]
[Round "1.5"]
[White "Khazankin, Moisei"]
[Black "Kupreichik, Viktor D"]
[Result "0-1"]
[BlackTitle "GM"]
[WhiteElo "2039"]
[BlackElo "2405"]
[WhiteFideId "14115271"]
[BlackFideId "13500066"]
[EventDate "2014.10.24"]

1. e4 Nf6 2. Nc3 d5 3. exd5 Nxd5 4. Bc4 c6 5. Qf3 Nf6 6. h3 Nbd7 7. Qe2 b5 8.
Bb3 Nc5 9. Nf3 e6 10. d4 Nxb3 11. axb3 a5 12. Ne4 Bb4+ 13. c3 Be7 14. b4 Bb7 15.
bxa5 Rxa5 16. Rxa5 Qxa5 17. O-O b4 18. c4 Qa2 19. Ne5 Nxe4 20. Qxe4 f6 21. Nd3
Qxc4 22. Re1 Kf7 23. Bd2 Rd8 24. Qxh7 Qxd4 25. Bh6 Bf8 26. Nf4 Bc8 27. Ng6 Qd3
28. Nh8+ Ke7 29. Ng6+ Kf7 30. Nh8+ Ke8 31. Qg8 Kd7 32. Qxe6+ Kc7 33. Bf4+ Bd6
34. Qe7+ Rd7 35. Bxd6+ Qxd6 36. Qxd6+ Kxd6 37. Ng6 Kc5 38. Rc1+ Kb5 39. Rc2 Rd1+
40. Kh2 Bf5 0-1

[Event "World Senior 65+ 2014"]
[Site "Katerini GRE"]
[Date "2014.10.24"]
[Round "1.7"]
[White "Krstic, Slobodan AUS"]
[Black "Rooze, Jan"]
[Result "0-1"]
[BlackTitle "IM"]
[WhiteElo "2038"]
[BlackElo "2341"]
[WhiteFideId "3203379"]
[BlackFideId "200050"]
[EventDate "2014.10.24"]

1. e4 c5 2. f4 e6 3. d3 d5 4. e5 Nc6 5. c3 Be7 6. Nf3 Nh6 7. Be3 O-O 8. Be2 b6
9. g3 d4 10. Bf2 f6 11. exf6 Bxf6 12. c4 Ng4 13. Nbd2 Ne3 14. Qc1 e5 15. Ne4
Ng2+ 16. Kf1 Ne3+ 17. Ke1 exf4 18. gxf4 Ng2+ 19. Kd1 Be7 20. Bg3 Ne3+ 21. Kd2 a6
22. Nfg5 h6 23. h4 b5 24. Bf3 bxc4 25. dxc4 Bf5 26. Ke2 Qd7 27. Bf2 Rae8 28. Ng3
Bg4 29. Qb1 Bxf3+ 30. Nxf3 Rxf4 31. Bxe3 Bf6 0-1

[Event "World Senior 65+ 2014"]
[Site "Katerini GRE"]
[Date "2014.10.24"]
[Round "1.8"]
[White "Van Riemsdijk, Herman C."]
[Black "Borwell, Alan P"]
[Result "1-0"]
[WhiteTitle "IM"]
[WhiteElo "2339"]
[BlackElo "2032"]
[WhiteFideId "2100053"]
[BlackFideId "2402335"]
[EventDate "2014.10.24"]

1. e4 c5 2. Nf3 d6 3. d4 cxd4 4. Nxd4 Nf6 5. Nc3 Bd7 6. Bg5 e6 7. Qd2 a6 8. Be2
Nc6 9. f4 h6 10. Bh4 Be7 11. Bg3 Qb6 12. Nb3 O-O 13. Bf3 Rfd8 14. Bf2 Qc7 15.
Na4 Re8 16. Nb6 Rab8 17. O-O d5 18. e5 Nh7 19. Nxd7 Qxd7 20. c4 d4 21. Nxd4 Red8
22. Rfd1 Qc7 23. Bxc6 bxc6 24. Qe2 Bc5 25. Nb3 Bxf2+ 26. Qxf2 Nf8 27. Qc5 Nd7
28. Qa5 Qa7+ 29. c5 Kh7 30. Kh1 g6 31. Rd6 Qb7 32. Rad1 Qc8 33. Qd2 Rb7 34. Na5
Rc7 35. Nc4 Qb7 36. Qa5 Rb8 37. b3 Kg7 38. R6d4 Qa7 39. b4 Rb5 40. Qa3 a5 41.
Nd6 Rb8 42. Qe3 axb4 43. f5 Qxc5 44. f6+ Kh7 45. Nxf7 Nf8 46. Qxh6+ Kg8 1-0

[Event "World Senior 65+ 2014"]
[Site "Katerini GRE"]
[Date "2014.10.24"]
[Round "1.9"]
[White "Morriss, Pete"]
[Black "Zakharov, Alexander"]
[Result "1/2-1/2"]
[BlackTitle "IM"]
[WhiteElo "2032"]
[BlackElo "2331"]
[WhiteFideId "2500230"]
[BlackFideId "4103564"]
[EventDate "2014.10.24"]

1. b4 Nf6 2. Bb2 e6 3. b5 a6 4. a4 c6 5. e3 axb5 6. axb5 Rxa1 7. Bxa1 cxb5 8.
Bxb5 Qa5 9. Nc3 Bb4 10. Nge2 Nc6 11. O-O O-O 12. f4 d5 13. Bd3 Be7 14. Ng3 Nb4
15. Be2 b6 16. Qb1 Bb7 17. Qb3 Rc8 18. Bb2 Qc5 19. Rc1 Ne4 20. Ncxe4 dxe4 21.
Nh5 Nd5 22. Bd4 Qb4 23. Qxb4 Bxb4 24. c3 f6 25. Rb1 Ba5 26. g4 Re8 27. c4 e5 28.
fxe5 fxe5 29. Ba1 Nf6 30. Bc3 Bxc3 31. dxc3 Nxh5 32. gxh5 Re7 33. Rxb6 Kf8 34.
Kf2 Rc7 35. Ke1 Ke7 36. Kd2 Bc8 37. Rb5 Kf6 38. Rb6+ Ke7 39. Rb5 Kf6 40. c5 Be6
41. Rb6 Ke7 42. c6 Bd5 43. Bb5 Kd6 44. c4 Kc5 45. Rb7 Rxb7 46. cxb7 Bxb7 47. Kc3
h6 48. Be8 Bc8 49. Bf7 Bg4 50. Kb3 Be2 51. Kc3 Bd1 52. Kd2 Bb3 53. Kc3 Ba2 54.
Bg8 Bb1 1/2-1/2

[Event "World Senior 65+ 2014"]
[Site "Katerini GRE"]
[Date "2014.10.24"]
[Round "1.10"]
[White "Klundt, Klaus"]
[Black "Carlsten, Peter"]
[Result "1-0"]
[WhiteTitle "IM"]
[WhiteElo "2325"]
[BlackElo "2031"]
[WhiteFideId "4600436"]
[BlackFideId "1705067"]
[EventDate "2014.10.24"]

1. e4 d6 2. d4 Nf6 3. Nc3 e5 4. Nf3 Nbd7 5. Bc4 Be7 6. O-O O-O 7. Re1 c6 8. a4
a5 9. h3 Qb6 10. b3 exd4 11. Nxd4 Nc5 12. Be3 Qc7 13. Qf3 Nfd7 14. Qg3 Ne5 15.
Bf1 Bf6 16. Rad1 Rd8 17. Ndb5 Qe7 18. Nxd6 Ned7 19. Nf5 Qf8 20. e5 Bxe5 21. Bxc5
Bxg3 22. Bxf8 Bxf2+ 23. Kxf2 Kxf8 24. Bc4 f6 25. Re7 1-0

[Event "World Senior 65+ 2014"]
[Site "Katerini GRE"]
[Date "2014.10.24"]
[Round "1.11"]
[White "Blaushtain, Boris"]
[Black "Pritchett, Craig W"]
[Result "0-1"]
[BlackTitle "IM"]
[WhiteElo "2018"]
[BlackElo "2315"]
[WhiteFideId "2804638"]
[BlackFideId "2400065"]
[EventDate "2014.10.24"]

1. c4 Nf6 2. d4 e6 3. Nf3 Bb4+ 4. Bd2 Qe7 5. a3 Bxd2+ 6. Nbxd2 O-O 7. e3 d6 8.
Be2 e5 9. d5 c5 10. h3 Nbd7 11. Qc2 a6 12. Ne4 Nxe4 13. Qxe4 f5 14. Qc2 e4 15.
Nd2 Nf6 16. g3 Bd7 17. Qc3 b5 18. b3 Rab8 19. Rb1 b4 20. Qa1 a5 21. a4 Be8 22.
Kd1 Bh5 23. Bxh5 Nxh5 24. Qb2 Rbe8 25. Nf1 Nf6 26. Qe2 Nd7 27. Nd2 Qf6 28. Nf1
Ne5 29. Qb2 Re7 30. Qe2 g6 31. Qb2 g5 32. h4 Qh6 33. Qe2 f4 34. Nd2 fxg3 35.
fxg3 Nf3 36. Rf1 g4 37. Rf2 Qh5 38. Nf1 Ref7 39. Qb2 Ne5 40. Rxf7 Qxf7 41. Nd2
Nd3 42. Qc2 Qf2 43. Nxe4 Qe1# 0-1

[Event "World Senior 65+ 2014"]
[Site "Katerini GRE"]
[Date "2014.10.24"]
[Round "1.12"]
[White "Pushkov, Nikolai"]
[Black "Awawdeh, Fayez"]
[Result "1-0"]
[WhiteTitle "GM"]
[BlackTitle "FM"]
[WhiteElo "2306"]
[BlackElo "2012"]
[WhiteFideId "4117131"]
[BlackFideId "8100721"]
[EventDate "2014.10.24"]

1. d4 d5 2. Nf3 c6 3. e3 g6 4. c4 Bg7 5. Nc3 Nf6 6. Be2 O-O 7. O-O h6 8. Qb3 Re8
9. Bd2 e6 10. Rfd1 Nbd7 11. Rac1 Qb6 12. Qc2 a6 13. b4 Qc7 14. a4 dxc4 15. Bxc4
Qb8 16. Qb3 b5 17. Be2 Bb7 18. e4 Kh7 19. e5 Nd5 20. Nxd5 exd5 21. Bd3 Qd8 22.
h4 Kg8 23. a5 Nf8 24. Qc2 Rc8 25. g3 Qe7 26. Kg2 Rc7 27. h5 g5 28. Re1 Bc8 29.
Bf5 Be6 30. Qd3 Kh8 31. Rc2 Qd7 32. g4 Rec8 33. Nh2 Qe7 34. Nf1 Qe8 35. f4 gxf4
36. Bxf4 Qe7 37. Qd2 Kg8 38. Ng3 Re8 39. Rec1 Rec8 40. Bxh6 f6 41. exf6 Qxf6 42.
Bf4 Bxf5 43. Nxf5 Ne6 44. Be5 Qf8 45. Bxc7 Rxc7 46. Rxc6 Rxc6 47. Rxc6 Qe8 48.
Rc8 Nd8 49. Qe3 Qd7 50. Qg5 1-0

[Event "World Senior 65+ 2014"]
[Site "Katerini GRE"]
[Date "2014.10.24"]
[Round "1.13"]
[White "Chirinos Cabrera, Cleren Jesus"]
[Black "Filipenko, Alexander V"]
[Result "0-1"]
[WhiteTitle "CM"]
[BlackTitle "IM"]
[WhiteElo "2009"]
[BlackElo "2292"]
[WhiteFideId "3900150"]
[BlackFideId "4104471"]
[EventDate "2014.10.24"]

1. Nf3 d5 2. d3 Nc6 3. c3 g6 4. Qa4 Bg7 5. e4 e5 6. b4 Ne7 7. b5 Nb8 8. Qb3 O-O
9. Bb2 a6 10. c4 d4 11. a4 Nd7 12. Ba3 c5 13. bxc6 bxc6 14. Nbd2 c5 15. Be2 Rb8
16. Qc2 Nc6 17. O-O Nb4 18. Qd1 f5 19. Ne1 Nf6 20. Bf3 Bd7 21. Bc1 Qc8 22. Qe2
f4 23. g3 g5 24. gxf4 exf4 25. Bg2 h6 26. f3 Be6 27. Kh1 Nd7 28. Rg1 Ne5 29. Bf1
Qe8 30. Qg2 Qh5 31. Be2 Qh4 32. Qf1 Kh7 33. Ng2 Qh3 34. Ne1 Qh4 35. Ng2 Qh5 36.
Ne1 Bf6 37. Bd1 Be7 38. Qe2 Rg8 39. Nf1 Qh3 40. Ra3 Rbf8 41. Nc2 Nxc2 42. Bxc2
Qxf3+ 43. Rg2 Qxe2 44. Rxe2 Ng4 45. Bb3 Rb8 46. Ba2 Rb7 47. Nd2 Rgb8 48. Nb3 Ne3
49. Kg1 Nd1 50. Re1 Nc3 0-1

[Event "World Senior 65+ 2014"]
[Site "Katerini GRE"]
[Date "2014.10.24"]
[Round "1.14"]
[White "Wahlbom, Magnus"]
[Black "Reynolds, D Ian W"]
[Result "1/2-1/2"]
[WhiteElo "2283"]
[BlackElo "2006"]
[WhiteFideId "1700685"]
[BlackFideId "410705"]
[EventDate "2014.10.24"]

1. d4 Nf6 2. c4 e6 3. Nc3 Bb4 4. e3 b6 5. Bd3 Bb7 6. Nf3 O-O 7. O-O d5 8. a3 Bd6
9. b4 dxc4 10. Bxc4 Nbd7 11. Bb2 Qe7 12. Nb5 a6 13. Nxd6 cxd6 14. a4 Rfc8 15.
Bb3 b5 16. axb5 axb5 17. Qe2 Bd5 18. Bxd5 Nxd5 19. Rxa8 Rxa8 20. Qxb5 Rb8 21.
Qa5 Nxb4 22. Ba3 Nc2 23. Bc1 Qd8 24. Qd2 Qc7 25. Qd3 h6 26. Bd2 Nb4 27. Qe2 Nd5
28. Rc1 Qb7 29. Qd3 N5f6 30. h3 Qe4 31. Qa3 d5 32. Bb4 Nb6 33. Qa7 Nbd7 34. Bd6
Rb1 35. Rxb1 Qxb1+ 36. Kh2 Qb6 37. Qa8+ Kh7 38. Bf4 Qb4 39. Ne5 1/2-1/2

[Event "World Senior 65+ 2014"]
[Site "Katerini GRE"]
[Date "2014.10.24"]
[Round "1.15"]
[White "Benson, Lachlan"]
[Black "Malisov, Boris"]
[Result "0-1"]
[WhiteElo "1998"]
[BlackElo "2250"]
[WhiteFideId "3205410"]
[BlackFideId "2802503"]
[EventDate "2014.10.24"]

1. d4 c5 2. d5 Nf6 3. c4 g6 4. Nc3 Bg7 5. e4 O-O 6. e5 Ne8 7. f4 d6 8. Nf3 Bg4
9. Be3 Nd7 10. exd6 Nxd6 11. Bd3 Qb6 12. Qb3 Bxf3 13. gxf3 Qxb3 14. axb3 b6 15.
Kf2 a5 16. Rhe1 Rae8 17. Re2 Bh6 18. Rae1 e5 19. dxe6 fxe6 20. Bc1 Bxf4 21. Bxf4
Rxf4 22. Rxe6 Rxe6 23. Rxe6 Rd4 24. Re3 Nf6 25. Ne2 Rh4 26. Kg3 g5 27. Re6 Nfe8
28. f4 Rh5 29. fxg5 Rxg5+ 30. Kf2 Rh5 31. Kg2 Kf7 32. Re3 Nf6 33. Ng3 Rxh2+ 34.
Kxh2 Ng4+ 35. Kg1 Nxe3 36. Bxh7 Nd1 37. Ne2 Nxb2 38. Bc2 a4 39. bxa4 Nbxc4 40.
Bb3 Kf6 41. Kf2 Ke5 42. Ke1 Ke4 43. Kd1 Ke3 44. Nc1 Na5 45. Be6 Nc6 46. Bg8 Kd4
47. Kc2 c4 48. Na2 Ne4 49. Bh7 Nc5 50. Nc3 Nb4+ 51. Kb2 Ncd3+ 52. Bxd3 Kxd3 53.
Nb1 Nd5 54. Na3 Nc3 55. a5 bxa5 56. Kc1 Nd5 57. Nb5 c3 58. Na3 Nb4 0-1

[Event "World Senior 65+ 2014"]
[Site "Katerini GRE"]
[Date "2014.10.24"]
[Round "1.16"]
[White "Gruzmann, Boris"]
[Black "Andreas, Guenter"]
[Result "1-0"]
[WhiteTitle "FM"]
[WhiteElo "2246"]
[BlackElo "1992"]
[WhiteFideId "4105290"]
[BlackFideId "24625760"]
[EventDate "2014.10.24"]

1. e4 e5 2. Nf3 Nc6 3. Bb5 a6 4. Ba4 Nf6 5. O-O b5 6. Bb3 d5 7. exd5 Nxd5 8. d4
exd4 9. Nxd4 Nxd4 10. Qxd4 Be6 11. Re1 c6 12. f4 Ne7 13. Qxd8+ Rxd8 14. Bxe6
fxe6 15. Nc3 Kf7 16. a4 Nd5 17. Ne4 h6 18. axb5 axb5 19. Ra7+ Kg6 20. Kf2 Nf6
21. Kf3 Nxe4 22. Rxe4 Bd6 23. Rxe6+ Kf5 24. Re2 g5 25. g4+ Kf6 26. f5 Be5 27. b3
h5 28. Rxe5 hxg4+ 29. Ke4 1-0

[Event "World Senior 65+ 2014"]
[Site "Katerini GRE"]
[Date "2014.10.24"]
[Round "1.17"]
[White "Yakovlev, Yuri S."]
[Black "Peretz, Malkiel"]
[Result "1/2-1/2"]
[BlackTitle "FM"]
[WhiteElo "1992"]
[BlackElo "2240"]
[WhiteFideId "4173929"]
[BlackFideId "2800446"]
[EventDate "2014.10.24"]

1. e4 c5 2. Nf3 Nc6 3. c4 g6 4. d4 cxd4 5. Nxd4 Bg7 6. Be3 Nf6 7. Nc3 O-O 8. Be2
d6 9. O-O Bd7 10. Qd2 Ng4 11. Bxg4 Bxg4 12. Nxc6 bxc6 13. f4 Be6 14. b3 f5 15.
Bd4 Bh6 16. Be3 Qa5 17. Rad1 Rad8 18. Qe1 fxe4 19. Nxe4 Qxe1 20. Rdxe1 Bf5 21.
Ng3 Rd7 22. Nxf5 Rxf5 23. g4 Rf7 24. b4 d5 25. c5 Bg7 26. Rd1 e5 27. fxe5 Bxe5
28. Bd4 Rxf1+ 29. Kxf1 Bxh2 30. Kg2 Bf4 31. Kf3 Rf7 32. Ke2 Bc7 33. Ke3 Bd8 34.
a4 a6 35. Be5 Bg5+ 36. Kd4 Rf3 37. Rd3 Rf1 38. b5 axb5 39. axb5 cxb5 40. Kxd5
Bd8 41. Kc6 Be7 42. Bd6 Kf7 43. Kxb5 h5 44. gxh5 gxh5 45. Kc6 h4 46. Kd7 Bxd6
47. cxd6 Kg6 48. Ke7 Re1+ 49. Kd8 Ra1 50. Rd5 h3 51. Rd2 Kg5 52. d7 Kg4 1/2-1/2

[Event "World Senior 65+ 2014"]
[Site "Katerini GRE"]
[Date "2014.10.24"]
[Round "1.18"]
[White "Vogel, Jaap"]
[Black "Robinson, John K"]
[Result "1-0"]
[WhiteTitle "FM"]
[WhiteElo "2239"]
[BlackElo "1983"]
[WhiteFideId "1000764"]
[BlackFideId "406490"]
[EventDate "2014.10.24"]

1. d4 Nf6 2. Nf3 c5 3. d5 e6 4. c4 exd5 5. cxd5 d6 6. e4 a6 7. Bd3 g6 8. h3 Bg7
9. O-O O-O 10. a4 b6 11. Nbd2 Re8 12. Re1 Bb7 13. Qc2 Qc7 14. Nc4 b5 15. axb5
axb5 16. Rxa8 Bxa8 17. Na3 b4 18. Nc4 Nbd7 19. Bf4 Bf8 20. Ra1 Nb6 21. Nxb6 Qxb6
22. Nd2 Qb7 23. Nc4 Nxd5 24. exd5 Qxd5 25. Bf1 b3 26. Qxb3 Re4 27. Be3 Bc6 28.
Qc2 Rh4 29. f3 Bg7 30. Rd1 Bd4 31. Bxd4 cxd4 32. Qf2 Rf4 33. Nd2 d3 34. Ne4 Bb5
35. Nc3 Qb3 36. Bxd3 Bxd3 37. Rxd3 Ra4 38. Rxd6 Ra1+ 39. Kh2 Qb8 40. Qd4 Ra6 41.
Ne4 1-0

[Event "World Senior 65+ 2014"]
[Site "Katerini GRE"]
[Date "2014.10.24"]
[Round "1.19"]
[White "Ben-Zeev, Moshe"]
[Black "Lederman, Leon"]
[Result "0-1"]
[BlackTitle "IM"]
[WhiteElo "1963"]
[BlackElo "2233"]
[WhiteFideId "2807203"]
[BlackFideId "2800403"]
[EventDate "2014.10.24"]

1. Nf3 d5 2. d4 c5 3. g3 Nc6 4. Bg2 Bg4 5. c3 e6 6. O-O Nf6 7. Nbd2 cxd4 8. cxd4
Be7 9. b3 O-O 10. Bb2 Qb6 11. Ne5 Nxe5 12. dxe5 Nd7 13. Nf3 Rfc8 14. e4 dxe4 15.
Qxd7 exf3 16. Bh1 Bc5 17. Qa4 Bh3 18. Bxf3 Bxf1 19. Rxf1 Rd8 20. Qf4 Rd7 21. Bc3
Rad8 22. b4 Bd4 23. Bxd4 Rxd4 24. Qg5 h6 25. Qe7 Qxb4 26. Qxb7 Qxb7 27. Bxb7 Ra4 0-1

[Event "World Senior 65+ 2014"]
[Site "Katerini GRE"]
[Date "2014.10.24"]
[Round "1.20"]
[White "Kolbak, Jens"]
[Black "Belokopyt, Boris"]
[Result "1-0"]
[WhiteElo "2232"]
[BlackElo "1940"]
[WhiteFideId "1400339"]
[BlackFideId "4152530"]
[EventDate "2014.10.24"]

1. d4 d5 2. Nf3 Nf6 3. c4 e6 4. Nc3 c6 5. e3 Be7 6. Bd3 O-O 7. cxd5 exd5 8. h3
Re8 9. O-O Nbd7 10. a3 b6 11. b4 Bb7 12. Rb1 Qc8 13. Bd2 c5 14. bxc5 bxc5 15.
dxc5 Nxc5 16. Bb5 Rd8 17. Nd4 a6 18. Be2 Rb8 19. Na4 Nfe4 20. Nb6 Qc7 21. Ba5
Qe5 22. f4 Qf6 23. Bf3 Rd6 24. Na4 Rd7 25. Bg4 Bd8 26. Nxc5 Nxc5 27. Bxd7 Bxa5
28. Nc6 Nxd7 29. Nxb8 Nb6 30. Qd4 Qd6 31. Rfc1 Bc6 32. Rxb6 1-0

[Event "World Senior 65+ 2014"]
[Site "Katerini GRE"]
[Date "2014.10.24"]
[Round "1.21"]
[White "Acosta, Mariano USA"]
[Black "Malmdin, Nils-Ake"]
[Result "1-0"]
[BlackTitle "FM"]
[WhiteElo "1942"]
[BlackElo "2208"]
[WhiteFideId "2008629"]
[BlackFideId "1701584"]
[EventDate "2014.10.24"]

1. b4 e5 2. Bb2 Bxb4 3. Bxe5 Nf6 4. Nf3 Nc6 5. Bb2 d5 6. e3 O-O 7. a3 Ba5 8. c4
Bf5 9. Qb3 Be4 10. Be2 Re8 11. O-O dxc4 12. Bxc4 Bxf3 13. Bxf7+ Kh8 14. gxf3 Rf8
15. Bc4 Nd7 16. f4 Nc5 17. Qc2 Qd6 18. Kh1 Ne7 19. Rg1 Qc6+ 20. Rg2 Nf5 21. Nc3
Rad8 22. d4 Bxc3 23. Bxc3 Ne4 24. d5 Qe8 25. Be5 Ned6 26. e4 Nxc4 27. Qxc4 Rf7
28. exf5 Qd7 29. Rag1 Rg8 30. Qd4 a6 31. Rg5 h6 32. Rg6 Kh7 33. Qe4 1-0

[Event "World Senior 65+ 2014"]
[Site "Katerini GRE"]
[Date "2014.10.24"]
[Round "1.22"]
[White "Singer, Hans"]
[Black "Borensztajn, David"]
[Result "1-0"]
[WhiteTitle "FM"]
[WhiteElo "2207"]
[BlackElo "1940"]
[WhiteFideId "1600800"]
[BlackFideId "2106817"]
[EventDate "2014.10.24"]

1. Nf3 d5 2. d4 Nf6 3. c4 c6 4. Nc3 a6 5. e3 b5 6. cxd5 cxd5 7. Ne5 Nfd7 8. Nd3
e6 9. Be2 Nc6 10. O-O Bd6 11. f4 O-O 12. Bf3 Bb7 13. b3 Rc8 14. Bb2 Qe7 15. Rc1
f6 16. Rf2 f5 17. Rfc2 Nf6 18. Nc5 Bxc5 19. dxc5 Rfd8 20. Rd2 Ne4 21. Nxe4 dxe4
22. Be2 Rxd2 23. Qxd2 Rd8 24. Qc3 b4 25. Qc2 Kf8 26. g3 g5 27. Rf1 g4 28. Kf2
Rd5 29. Rc1 h5 30. Bc4 Rd7 31. Rd1 h4 32. Bf6 hxg3+ 33. hxg3 Qh7 34. Bh4 Qf7 35.
Rd6 1-0

[Event "World Senior 65+ 2014"]
[Site "Katerini GRE"]
[Date "2014.10.24"]
[Round "1.23"]
[White "Rubinstein, Mark"]
[Black "Gergel, Vladimir P"]
[Result "0-1"]
[BlackTitle "FM"]
[WhiteElo "1931"]
[BlackElo "2202"]
[WhiteFideId "2807076"]
[BlackFideId "14100550"]
[EventDate "2014.10.24"]

1. c4 f5 2. Nc3 Nf6 3. g3 g6 4. Bg2 Bg7 5. d4 O-O 6. e3 d6 7. Nge2 c6 8. O-O Qc7
9. b3 Be6 10. Bb2 Bf7 11. Rc1 Nbd7 12. f3 Bh6 13. Qd3 e5 14. Rc2 Rae8 15. e4 a6
16. Bc1 Bg7 17. Be3 exd4 18. Bxd4 Nc5 19. Bxc5 dxc5 20. exf5 gxf5 21. Bh3 Bg6
22. Nf4 Nd7 23. Nxg6 hxg6 24. f4 Bd4+ 25. Kh1 Re3 26. Qd2 Rfe8 27. Nd1 R3e7 28.
Bg2 Nf6 29. Bf3 Ne4 30. Qg2 Nf6 31. Nf2 Re1 32. Nd3 R1e3 33. Nc1 R3e7 34. Nd3
Qa5 35. Rd1 Re1+ 36. Nxe1 Rxe1+ 37. Qf1 Rxf1+ 38. Rxf1 Ng4 39. Re2 Ne3 40. Rfe1
Qc3 0-1

[Event "World Senior 65+ 2014"]
[Site "Katerini GRE"]
[Date "2014.10.24"]
[Round "1.24"]
[White "Agzamov, Valeriy"]
[Black "Choong, Liong-On Mark"]
[Result "1-0"]
[BlackTitle "CM"]
[WhiteElo "2191"]
[BlackElo "1921"]
[WhiteFideId "14200449"]
[BlackFideId "5806410"]
[EventDate "2014.10.24"]

1. e4 c5 2. Nf3 Nc6 3. d4 cxd4 4. Nxd4 Qc7 5. Nc3 e6 6. Be3 a6 7. Bd3 Bd6 8. h3
b5 9. O-O Nge7 10. a4 Nxd4 11. Bxd4 b4 12. Ne2 Be5 13. Qd2 Nc6 14. Bxe5 Qxe5 15.
b3 O-O 16. Qe3 d5 17. f4 d4 18. Qf2 Qc5 19. e5 Bb7 20. Qh4 g6 21. Ng3 Qe7 22.
Qh6 f5 23. exf6 Rxf6 24. Ne4 Nd8 25. Nxf6+ Qxf6 26. Qg5 Qxg5 27. fxg5 Nf7 28.
Rae1 Bd5 29. h4 a5 30. Be4 Bxe4 31. Rxe4 e5 32. Rf6 Rc8 33. Re2 Rd8 34. Ref2 Nd6
35. Re6 e4 36. Rff6 Nf5 37. Rxe4 d3 38. cxd3 Rxd3 39. Re8+ Kg7 40. Ra8 Rxb3 41.
Ra7+ 1-0